000 00283nam a22001337a 4500
020 _a0851171303
082 _a339SEL.
100 _aSeldon, A.
245 _aCharge.
260 _aLondon.
_bTemple Smith.
_c1977.
300 _a224p.
_b22cm.
500 _aIncludes index.
942 _cBK
999 _c13837
_d13837